<?xml version="1.0" encoding="UTF-8"?><?xml-stylesheet type="text/xsl" href="static/style.xsl"?><OAI-PMH xmlns="http://www.openarchives.org/OAI/2.0/" xmlns:xsi="http://www.w3.org/2001/XMLSchema-instance" xsi:schemaLocation="http://www.openarchives.org/OAI/2.0/ http://www.openarchives.org/OAI/2.0/OAI-PMH.xsd"><responseDate>2026-06-01T14:49:04Z</responseDate><request verb="GetRecord" identifier="oai:riuma.uma.es:10630/22922" metadataPrefix="marc">https://riuma.uma.es/rest/oai/request</request><GetRecord><record><header><identifier>oai:riuma.uma.es:10630/22922</identifier><datestamp>2026-02-03T12:00:50Z</datestamp><setSpec>com_10630_2254</setSpec><setSpec>col_10630_37959</setSpec></header><metadata><record xmlns="http://www.loc.gov/MARC21/slim" xmlns:dcterms="http://purl.org/dc/terms/" xmlns:doc="http://www.lyncode.com/xoai" xmlns:xsi="http://www.w3.org/2001/XMLSchema-instance" xsi:schemaLocation="http://www.loc.gov/MARC21/slim http://www.loc.gov/standards/marcxml/schema/MARC21slim.xsd">
   <leader>00925njm 22002777a 4500</leader>
   <datafield ind2=" " ind1=" " tag="042">
      <subfield code="a">dc</subfield>
   </datafield>
   <datafield ind2=" " ind1=" " tag="720">
      <subfield code="a">Pérez-Latorre, Andrés Vicente</subfield>
      <subfield code="e">author</subfield>
   </datafield>
   <datafield ind2=" " ind1=" " tag="720">
      <subfield code="a">Hidalgo-Triana, Noelia</subfield>
      <subfield code="e">author</subfield>
   </datafield>
   <datafield ind2=" " ind1=" " tag="720">
      <subfield code="a">Casimiro-Soriguer Solanas, Federico</subfield>
      <subfield code="e">author</subfield>
   </datafield>
   <datafield ind2=" " ind1=" " tag="720">
      <subfield code="a">Manteca Bautista, David</subfield>
      <subfield code="e">author</subfield>
   </datafield>
   <datafield ind2=" " ind1=" " tag="720">
      <subfield code="a">García Sánchez, José</subfield>
      <subfield code="e">author</subfield>
   </datafield>
   <datafield ind2=" " ind1=" " tag="720">
      <subfield code="a">Picornell Rodríguez, Antonio</subfield>
      <subfield code="e">author</subfield>
   </datafield>
   <datafield ind2=" " ind1=" " tag="720">
      <subfield code="a">Solakis Tena, Andros</subfield>
      <subfield code="e">author</subfield>
   </datafield>
   <datafield ind2=" " ind1=" " tag="260">
      <subfield code="c">2021-09-28</subfield>
   </datafield>
   <datafield ind2=" " ind1=" " tag="520">
      <subfield code="a">Maytenus senegalensis s.l. es un arbusto tropical afro-asiático, relicto en la Península Ibérica, protegido por las&#xd;
normativas de Andalucía, Valencia y Murcia con la categoría VU. Está considerado uno de los taxones directrices&#xd;
del Hábitat de Interés Comunitario (HIC) 5220* (Matorrales arborescentes de Ziziphus lotus), circunscrito principalmente&#xd;
al extremo sureste de la Península Ibérica. Su límite occidental ibérico lo forman algunas poblaciones en&#xd;
la provincia de Málaga aisladas del resto (Manzano 2020, Acta Bot Malacit 45: 7-25). Estas poblaciones están fitosociológicamente&#xd;
caracterizadas (Pérez Latorre et al. 2008, Acta Bot Malacit 33: 215- 270), pero solo parcialmente&#xd;
cartografiadas por la Red de Información Ambiental de Andalucía (REDIAM, www.juntadeandalucia.es/medioambiente/&#xd;
site/rediam). El objetivo es cartografiar en detalle las poblaciones conocidas de M. senegalensis en su límite&#xd;
occidental y su HIC asociado y realizar una valoración del estado de conservación (EC) de dichas poblaciones.</subfield>
   </datafield>
   <datafield ind1="8" ind2=" " tag="024">
      <subfield code="a">Pérez Latorre, Andrés V.; Casimiro-Soriguer Solanas, Federico; Hidalgo Triana, Noelia; Manteca Bautista, David; García Sánchez, José; Picornell Rodríguez, Antonio; Solakis Tena, Andros. 2021. Las poblaciones ibérico-occidentales de Maytenus senegalensis subsp. europaea y su hábitat de interés comunitario prioritario asociado (HIC 5220*): distribución y estado de conservación. Primer Congreso Español de Botánica. Libro de Actas. pp 97-98.</subfield>
   </datafield>
   <datafield ind1="8" ind2=" " tag="024">
      <subfield code="a">https://hdl.handle.net/10630/22922</subfield>
   </datafield>
   <datafield tag="653" ind2=" " ind1=" ">
      <subfield code="a">Arbustos</subfield>
   </datafield>
   <datafield ind2="0" ind1="0" tag="245">
      <subfield code="a">Las poblaciones ibérico-occidentales de Maytenus senegalensis subsp. europaea y su hábitat de interés comunitario prioritario asociado (HIC 5220*): distribución y estado de conservación</subfield>
   </datafield>
</record>
</metadata></record></GetRecord></OAI-PMH>